OJT : Eyeon fusion 5 & Adobe after effects training course [
| Corporate Author: | |
|---|---|
| Format: | Book |
| Language: | English |
| Published: |
Bangi :
Institut Penilaian Negara ,
2009
|
MARC
| LEADER | 00000cam a2200000 7i4500 | ||
|---|---|---|---|
| 001 | 0000022639 | ||
| 005 | 20100308.0 | ||
| 008 | 100308 my a e eng | ||
| 040 | |a INS | ||
| 090 | 0 | 0 | |a VCD 1783 |
| 245 | 0 | 0 | |a OJT : |b Eyeon fusion 5 & Adobe after effects training course [ |h electronic resources] : |b 30 November - 4 December 2009 |
| 260 | |a Bangi : |b Institut Penilaian Negara , |c 2009 | ||
| 300 | |a 1 computer optical disc : |b col. ill., snd. ; |c 4 3/4 in. | ||
| 710 | 1 | |a Institut Penilaian Negara | |
| 999 | |a VCD0001783 |b DIGITAL VIDEO CD |c Media Collection |e Default branch | ||